| 000 | 01133cam a22002771 4500 | ||
|---|---|---|---|
| 001 | 4532793 | ||
| 005 | 19921001160738.4 | ||
| 008 | 711124s1965 nyu | b 000 0 eng d | ||
| 010 | _a 65023342 | ||
| 040 |
_aDLC _cDLC _dDLC |
||
| 043 |
_ae-ur--- _an-us--- |
||
| 050 | 0 | 0 |
_aJX1977 _b.S795 |
| 082 | 0 | 0 |
_a341.23 _bSTO _222 |
| 100 | 1 |
_aStoessinger, John George. _99968 |
|
| 245 | 1 | 4 |
_aThe United Nations and the Superpowers: _bUnited States-Soviet interaction at the United Nations/ _c John G. Stoessinger with the assistance of Robert G. McKelvey. |
| 260 |
_aNew York: _bRandom House, _c1965 |
||
| 300 |
_axvii, 206 p. _c19 cm. |
||
| 500 | _aDonated by: Alaa Abdel Ghany | ||
| 504 | _aIncludes bibliographies. | ||
| 610 | 2 | 0 |
_aUnited Nations _zUnited States. _99969 |
| 610 | 2 | 0 |
_aUnited Nations _zSoviet Union. _99970 |
| 650 | 0 |
_aGreat powers. _99971 |
|
| 700 |
_99999 _aMcKelvey, Robert G. |
||
| 942 |
_2ddc _cBB |
||
| 999 |
_c13045 _d13045 |
||